000 00546cam a2200217 4500
001 1723252
005 20180314094727.0
008 730420s1974 nyua b 001 0beng
010 _a 73006789
020 _a0810901323
040 _aDLC
_cDLC
_dDLC
_dOCoLC
041 _aeng
080 _a759.13 BAI
082 0 0 _a759.13 BAI
100 1 _a44
101 _aART
245 0 0 _aThomas Hart Benton,
_c[by] Matthew Baigell.
504 _aBibliography: p. 269-[273]
906 _a7
_bcbc
_corignew
_d1
_eocip
_f19
_gy-gencatlg
942 _2ddc
_cBK
999 _c45051
_d45051